[Event "SRI-chB (Women)"]
[Site "Colombo"]
[Date "2016.03.21"]
[Round "9"]
[White "Peththanayake, Naduni Rashmitha"]
[Black "Delgasdeniya, DW Nawanjali"]
[Result "1-0"]
[WhiteElo "1237"]
[BlackElo "1326"]
[PlyCount "103"]
[EventDate "2016.03.12"]
[EventType "swiss"]
[EventRounds "10"]
[EventCountry "SRI"]
[SourceTitle "CBM 171 Extra"]
[Source "ChessBase"]
[SourceDate "2016.04.26"]
[SourceVersion "1"]
[SourceVersionDate "2016.04.26"]
[SourceQuality "1"]

1. e4 d5 2. exd5 Qxd5 3. Nc3 Qa5 4. d4 Nf6 5. Bd2 c6 6. h3 Qb4 7. Nd5 Qd6 8. Nxf6+ Qxf6 9. c3 Qd6 10. Nf3 Bf5 11. Be3 Nd7 12. Bd3 Bxd3 13. Qxd3 e6 14. 0-0 Be7 15. Rfd1 0-0 16. Rac1 Rad8 17. Qd2 Nb6 18. c4 Nd7 19. a3 b6 20. Bf4 e5 21. Nxe5 Nxe5 22. Bxe5 Qxe5 23. dxe5 Rxd2 24. Rxd2 Bg5 25. Rcd1 Bxd2 26. Rxd2 Re8 27. Rd7 Ra8 28. b4 Kf8 29. Rc7 a5 30. Rxc6 axb4 31. axb4 Rb8 32. Kf1 Ke7 33. Rc7+ Ke8 34. Ke2 Rd8 35. Ke3 Rd7 36. Rxd7 Kxd7 37. Kd4 Ke6 38. h4 h5 39. c5 bxc5+ 40. bxc5 f5 41. c6 g6 42. f4 Ke7 43. Kd5 Kd8 44. Kd6 Ke8 45. c7 Kf7 46. c8Q Kg7 47. e6 Kh7 48. e7 Kg7 49. e8R Kf7 50. Qe6+ Kg7 51. Rg8+ Kh6 52. Qxg6# 1-0